00703nam a2200241 a 4500001001300000003000900013005001700022008004100039020001000080082001300090100001500103245008100118260003500199300000900234500003500243505001000278650001700288700001500305902000800320942000700328952011300335999001300448nice12345678IN_TiNIC20260116011338.0050524s1958 newa grp 000 0 eng  ac18400a232bKNO aKnox, John aJesus Lord and Christb Comprising the Man Christ Jesus Chrit the Lord on th aNew YorkbHarper and Rowc1958 a278p aincludes index and biblioraphy2 aIndex aJesus Christ1 aKnox, John bSRS cBK 001040708StackRoom-aHMIbHMId2007-06-15g184.00l0o232 KNOp02416r2007-06-15v184.00w2005-05-24yBK c714d714